000 00297nam a2200121 a 4500
005 20141022141959.0
008 120306s19uu xx 00 eng d
050 _aCD-ROM
_bM26 2007
100 _aMaestri, George
245 _aMaya at a glace /
_cgeorge Maestri.
260 _c2007.
942 _cAVM
999 _c276131
_d276131